Wale und Delfine Quiz - Statistiken

Allgemein
  • Dieses Quiz wurde 47 mal gespielt
  • Das Durchschnittsergebnis liegt bei 5 aus 15
Antwortstatistiken
Hinweis Antwort % Korrekt
Mit einer Länge von bis zu 30 Metern das größte Säugetier Blauwal
98%
Berühmt für seine Walgesänge Buckelwal
64%
Besitzt einen bis zu 5 Meter langen Stoßzahn Narwal
62%
Hat das größte Gehirn aller Tiere und jagt in großen Tiefen riesige Kalmare Pottwal
58%
Durch seine häufige Haltung und Auftritte in Filmen und Serien die bekannteste Art aller Delfine Großer Tümmler
49%
Größte Art der Delfine, bekannt für seine ausgeklügelten Jagdmethoden Schwertwal
49%
Häufigster Wal in der Nord- und Ostsee Gewöhnlicher Schweinswal
36%
Eigentlich nur in arktischen Gewässern vorkommend, wandert diese Walart gelegentlich sogar in Flüsse wie Elbe und Loire ein Beluga
29%
Arktisch lebender Wal, der bis zu 200 Jahre alt werden kann Grönlandwal
20%
Bekannteste Art der Flussdelfine Amazonasdelfin
18%
Wandert jedes Jahr vom Beringmeer nach Kalifornien und zurück Grauwal
13%
Das Jagen dieser Wale ist eine umstrittene Tradition auf den Färöer-Inseln Grindwal
9%
Diese Delfinart führt besondere Sprünge aus, bei denen die Tiere sich rasch um ihre eigene Körperachse drehen Spinnerdelfin
4%
Wenig erforschte Delfinart, die nach einer anderen Art auf dieser Liste benannt ist Kleiner Schwertwal
2%
Bekannteste Delfinart in der Antike, deswegen auch sein Name Gemeiner Delfin
0%
Keine übereinstimmenden Quizze gefunden
Verteilung der Resultate
Anzahl Personen mit jedem Resultat
Perzentil nach korrekt beantworteten Fragen
Ihre Resultats-Entwicklung
Sie haben dieses Quiz noch nicht gespielt